| 000 | 01037cam a2200301 4500 | ||
|---|---|---|---|
| 001 | M1552 | ||
| 008 | 090401t1993 xxu||||| |||| 00| 0 eng d | ||
| 035 | _a(Sirsi) u32775 | ||
| 041 | _aeng | ||
| 050 |
_a333.0062 _c18 |
||
| 090 | _aRICS 1993/106A | ||
| 110 |
_aRoyal Institution of Chartered Surveyors _94900 |
||
| 245 | 4 |
_aThe chartered surveyors' rule book _bamendments agreed by General Council on 5 July 1993. |
|
| 260 |
_aLondon _bRICS _c1993 |
||
| 300 |
_a5p. _c21cm. |
||
| 350 | _a0 | ||
| 490 | _aRICS Chartered Surveyors' Rule Book | ||
| 490 | _aRICS Rules of Conduct | ||
| 520 | _aUpdate to "The chartered surveyors' rule book" (J1334) incorporating amendments agreed by General Council on 5 July 1993. | ||
| 650 | _aRICS BYE-LAWS | ||
| 650 | _aRICS MEMBERS' ACCOUNTS RULES | ||
| 650 | _aRICS PROFESSIONAL INDEMNITY INSURANCE RULES | ||
| 650 | _aPROFESSIONAL CONDUCT | ||
| 650 | _aRICS RULES OF CONDUCT | ||
| 690 | _aMANAGEMENT-BUSINESS MANAGEMENT-PROFESSIONAL PRACTICE | ||
| 942 | _n0 | ||
| 948 | _c04/03/1997 | ||
| 999 |
_c89756 _d89756 |
||